Elenca la formazione - Quiz n°280 - Statistics

Statistiche generali
  • Questo quiz è stato fatto 21 volte
  • Il punteggio medio è 6 su 11
Statistiche sulle risposte
Ruolo Club dell'epoca Calciatore % Corretto
Centrocampista Manchester Unites David Beckham
83%
Attaccante Liverpool Michael Owen
78%
Centrocampista Manchester Unites Paul Scholes
78%
Attaccante Newcastle United Alan Shearer
67%
Difensore Tottenham Sol Campbell
67%
Portiere Arsenal David Seaman
61%
Difensore Manchester Unites Gary Neville
56%
Difensore Manchester Unites Phil Neville
56%
Centrocampista Real Madrid Steve McManaman
39%
Difensore Arsenal Tony Adams
22%
Centrocampista Middlesbrough Paul Ince
11%
Nessun quiz corrispondente trovato
Distribuzione punteggi
Percentuale di utenti per punteggio
Percentile per numero di risposta
I tuoi punteggi nel tempo
Non hai fatto questo quiz